| 000 | 02555cam a22005894i 4500 | ||
|---|---|---|---|
| 003 | PE-LiUPU | ||
| 005 | 20250731173037.0 | ||
| 008 | 170328t20182018nyua rb 001 0 eng | ||
| 020 | _a1472469291 | ||
| 020 | _a9781472469298 | ||
| 035 | _a(Sirsi) i9781472469298 | ||
| 035 |
_a(OCoLC)975372576 _z(OCoLC)962010933 _z(OCoLC)1004447661 |
||
| 040 |
_aDLC _bspa _erda _cDLC _dBTCTA _dERASA _dOCLCO _dBDX _dOCLCF _dYDX _dDRU _dYDX _dOCLCO _dPE-LiUPU |
||
| 049 | _aPRUA | ||
| 050 | 0 | 0 |
_aBV415.A1 _bC63 2018 |
| 082 | 0 | 0 |
_a264.075023 _bC68 _223 |
| 100 | 1 |
_aClarke, Martin _q(Martin V.), _eautor. |
|
| 245 | 1 | 0 |
_aBritish Methodist hymnody : _btheology, heritage, and experience / _cMartin V. Clarke. |
| 264 | 1 |
_aNew York, NY : _bRoutledge, _c2018. |
|
| 300 |
_a209 páginas ; _c25 centímetros. |
||
| 336 |
_atext _2rdacontent |
||
| 337 |
_aunmediated _2rdamedia |
||
| 338 |
_avolume _2rdacarrier |
||
| 490 | 0 | _aRoutledge Methodist studies series | |
| 504 | _aBibliografía al final de cada tema. | ||
| 504 | _aÍndice : páginas 205-209. | ||
| 505 | 0 | _aAuthorised hymnody: hymnals as expressions of doctrine and theology -- An ecumenical hymnody -- An evangelical hymnody -- Methodism's literary repertoire: form, language, editing, and theological expression -- Musical repertoire -- Methodist hymnody in practice -- The influence of methodist hymnody beyond British Methodism -- Hymnody and Methodist identity. | |
| 526 | _aSEG42 | ||
| 526 | _aSEG41 | ||
| 526 | _aSEG40 | ||
| 526 | _aSEG39 | ||
| 526 | _aP94 | ||
| 526 | _aP87 | ||
| 526 | _aP86 | ||
| 526 | _aP85 | ||
| 526 | _aP77 | ||
| 526 | _aP76 | ||
| 526 | _aP35 | ||
| 650 | 0 |
_aHimnos, Inglés _zGran Bretaña _xHistoria y crítica. |
|
| 650 | 0 |
_aHymns, English _zGreat Britain _xHistory and criticism. |
|
| 650 | 0 |
_aIglesia Metodista _xDoctrinas |
|
| 650 | 0 |
_aIglesia Metodista _zGran Bretaña _vHimnos _xHistoria y crítica. |
|
| 650 | 0 |
_aMethodist Church _xDoctrines |
|
| 650 | 0 |
_aMethodist Church _zGreat Britain _vHymns _xHistory and criticism. |
|
| 910 |
_adbm _bebj _cebj _d20171214 |
||
| 942 |
_2ddc _cBOOK |
||
| 949 |
_a264.075023 C68 _wDEWEY _c1 _i77552 _lCATALOGING _mBUL _p135.00 _r0 _sY _tBOOK _u2017-12-14 _xPOSGRADO _PP85 _0DONACION _o.STAFF. Colección Teología. |
||
| 994 |
_aC0 _bPEPRU |
||
| 596 | _a1 | ||
| 999 |
_a264.075023 C68 _wDEWEY _c26183 _i77552 _f2021-11-10 _g4 _lCCODEBUL1 _mBUL _p135.00 _r0 _sY _tBOOK _u2017-12-14 _xTEOLOGIA _PP85 _0DONACION _o.STAFF. Colección Teología _d26183 |
||
| 980 |
_81 _gALBERTO SANCHEZ Responsable de Automatización |
||